000 00800nam a2200205Ia 4500
003 GCL
008 140319s9999 xx 000 0 ara d
040 _aGCL /
_cGCL
082 0 4 _a657.02
_bم ج
100 1 _aمحمد الفيومى
245 1 0 _aحلول اسئلة وتمارين كتاب المحاسبة, والحاسبات الالية تطبيقات بلغة البيسك, تطبيقات بلغة اللوتس /
_cمحمد الفيومى
700 1 _aصلاح الدين عبدالمنعم مبارك
260 _a[S.N] :
_bقسم المحاسبة- كلية التجارة. جامعة الاسكندرية ،
_c1993
300 _a169 ص
490 _a
650 0 4 _aالمحاسبة
650 0 4 _aحلول الاسئلة
650 0 4 _aالكتب الدراسية
942 _2ddc
_cBK
999 _c54697
_d54697